| 000 | 00495 a2200169 4500 | ||
|---|---|---|---|
| 003 | OSt | ||
| 005 | 20231109151135.0 | ||
| 008 | 231109b |||||||| |||| 00| 0 eng d | ||
| 020 | _a9789384035761 | ||
| 040 | _coclc | ||
| 082 |
_a894.8124 _bNAS/S |
||
| 100 |
_aNasreen, Azma _99881 |
||
| 245 |
_aSathyathilekku ente jeevitha yathra / _cAzma Nasreen |
||
| 260 |
_aKerala: _bReaders network, _c2023. |
||
| 300 | _a139p | ||
| 942 |
_2ddc _cBK _h894.8124 _iNAS/S _k894.8124 _mNAS/S |
||
| 999 |
_c43009 _d43009 |
||